000 00419 a2200133 4500
999 _c9615
_d9615
050 _aKTZ2.23.A2Z56ROW
100 _dRowland John Reid
_eeditor
245 _aZimbabwe law reports :
_b2006 Part 1 /
_c Rowland John Reid
264 _aHarare:Zimbabwe:
_bLegal Resources Foundation WO41/84,
_c2006
300 _a554p. :
500 _aincludes subject index
650 _alaw report
942 _2lcc
_cSERIALS
_h2.23.A2Z56
_iROR
_kKTZ